000 00829nam a2200253Ia 4500
003 OSt
005 20220930093446.0
006 a|||||r|||| 00| 0
007 ta
008 220926b |||||||| |||| 00| 0 eng d
024 _a38277
037 _cTheses
040 _aCRL
_cCRL
_beng
041 _2eng
_aeng
100 _aBharali Dipu Au.
_9552095
110 _aUniversity of Delhi. Faculty of Medical Sciences. Department of Medicine
245 0 _aStudy the expression of micro RNA and apolipoprotein AI and AIV in hepatocellular carcinoma
260 _c2015
300 _a177p.
_ap.
_ccm.
700 _a Dr. Premashis kar Gu.
_9539501
700 _aUniversity of Delhi. Faculty of Medical Sciences. Department of Medicine
942 _cDIS
_2CC
999 _c885422
_d885422